| 000 | 00507nam a2200169Ia 4500 | ||
|---|---|---|---|
| 005 | 20260430133744.0 | ||
| 008 | 260429s9999||||xx |||||||||||||| ||und|| | ||
| 020 | _a9780691136783 | ||
| 082 |
_a551.5 _bBER |
||
| 100 | _aBerner, Elizabeth Kay | ||
| 245 | 0 |
_aGlobal environment : _bwater, air, and geochemical cycles / _cElizabeth Kay Berner |
|
| 250 | _a2nd ed. | ||
| 260 |
_aNew Jersey : _bPrinceton University Press, _c2012. |
||
| 300 | _axiv, 444 p.; hb | ||
| 700 | _a Berner, Robert A. | ||
| 942 | _cCU | ||
| 999 |
_c53842 _d53842 |
||